000 00711nam a2200241Ia 4500
003 OSt
005 20220930195052.0
006 a|||||r|||| 00| 0
007 ta
008 220926b |||||||| |||| 00| 0 hin d
024 _a13900
037 _cDissertations
040 _aCRL
_cCRL
_bhin
041 _2hin
_ahin
100 _aPathak Nagendramani
_9563861
110 _aUniversity of Delhi. Faculty of Arts. Department of Sanskrit
245 0 _aBrahma sutra mein pratipadit Bodh sidhnaton ki samiksha
260 _c1991
650 _aSANSKRIT
700 _aUniversity of Delhi. Faculty of Arts. Department of Sanskrit
942 _cDIS
_2CC
999 _c898558
_d898558